000 02248cam a22004454i 4500
003 PE-LiUPU
005 20250731165408.0
008 151015s2014 pe a grm 000 0 spa d
035 _a(Sirsi) a154892
040 _aPE-LiUPU
_bspa
_cPE-LiUPU
_erda
099 _aTF 3
_bA31 2014
100 1 _aAguirre Espinoza, Carla Tatiana
_eautor
245 1 _aEstilos de socialización parental y el bullying en estudiantes de cuarto y quinto año de secundaria de la Institución Educativa Particular Adventista José Pardo de Cusco, 2014 /
_cCarla Tatiana Aguirre Espinoza.
264 0 _c2014.
300 _a270 hojas :
_bilustraciones;
_c30 cm
336 _atext
_2rdacontent
337 _aunmediated
_2rdamedia
338 _avolume
_2rdacarrier
502 _aTesis
_b(Mg.) --
_cUniversidad Peruana Unión,
_d2014.
504 _aIncluye referencias
520 3 _aEl acoso escolar o Bullying es un fenómeno mundial, ha trascendido en los últimos 10 años en las instituciones educativas, nacionales y privadas. Por otro lado, los estilos de socialización parental cumplen una función protectora en el desarrollo integral del niño y adolescente lo cual se ve reflejado en su comportamiento relacionamiento con sus pares. El estudio queda conectado al objetivo: determinar la relación de dependencia entre los estilos: socialización parental y el Bullying, en estudiante de cuarto y quinto año de la Institución Educativa Particular Adventista José Pardo de Cusco, 2014. Se ha recurrido a la metodología: estudio no experimental, diseño correlacional descriptivo, de corte transversal. La muestra estuvo conformada por 79 estudiantes de 14 a 16 años.
526 _aSEG44
526 _aSEG26
526 _aP151
526 _aP150
526 _aP149
526 _aP146
526 _aP145
526 _aP126
526 _aP125
526 _aP92
526 _aP75
526 _aP74
526 _aP27
526 _aP15
650 0 4 _aEducación secundaria
_xSocialización parental
_xAcoso moral en la escuela
596 _a1
942 _2ddc
_cTESIS
999 _aTF 3 A31 2014
_wALPHANUM
_c7586
_iT01784
_d7586
_lCCODEBUL3
_mBUL
_q1
_r1
_sY
_tTESIS
_u2015-10-15
_xPOSGRADO
_PP54
_o.STAFF. Tesis
980 _81
_gALBERTO SANCHEZ Responsable de Automatización